000 00417nam a22001457a 4500
005 20240823161301.0
008 240822b |||||||| |||| 00| 0 eng d
020 _a9780231193740
082 _a909 SAC
_b33560
100 _aJeffrey D. Sachs
245 _aThe Ages of Globalization :Geography, Technology, and Institution
260 _aNew York
_bColumbia University Press
_c2020
365 _aRs
_b873.69
942 _cBK
999 _c41517
_d41517